000 00670naa a22001817i 4500
001 232257
003 ES-MaBCM
005 20260211132612.0
008 260211s2026 sp ||||| |||| 00| 0 spa d
040 _cES-MaBCM
100 1 _aPerona Mata, Carmen
_9123086
245 1 3 _aLa problemática titulación para el acceso a cuerpos del Subgrupo A1 en el empleo público
_cCarmen Perona Mata
610 1 0 _aEspaña.
_tEstatuto básico del empleado público, 2015
_9120275
650 7 _aTítulo académico
_960458
650 0 _aAcceso a la función pública
_9126954
773 0 _dMadrid
_gN. 2 (feb. 2026) - Loc. En línea
_tActualidad administrativa
_w104209
942 _2udc
_cAREV
999 _c232257
_d232257